Paesi che Iniziano con la R - Statistics

Statistiche generali
  • Questo quiz è stato fatto 12.754 volte
  • Il punteggio medio è 6 su 9
Statistiche sulle risposte
Paese % Corretto
Ruanda
88%
Romania
86%
Russia
80%
Regno Unito
72%
Repubblica Democratica del Congo
58%
Repubblica del Congo
57%
Repubblica Ceca
55%
Repubblica Dominicana
50%
Repubblica Centrafricana
45%
Nessun quiz corrispondente trovato
Distribuzione punteggi
Percentuale di utenti per punteggio
Percentile per numero di risposta
I tuoi punteggi nel tempo
Non hai fatto questo quiz